Top 4 colocados de cada Liga Mundial de Voleibol - Statistics

Estatísticas Gerais
  • Esse quiz foi jogado 273 vezes
  • A pontuação média é 13 de 17
Estatísticas das Respostas
Campeão % Correto
Brasil
100%
Estados Unidos
97%
Itália
97%
França
94%
Rússia
94%
Polônia
91%
Argentina
89%
Sérvia
85%
Canadá
84%
Países Baixos
81%
Cuba
80%
União Soviética
69%
Bulgária
64%
Iugoslávia
57%
Irã
50%
República Checa
50%
Sérvia e Montenegro
39%
Nenhum quiz correspondente encontrado
Distribuição das Pontuações
Porcentagem de Pessoas com Cada Pontuação
Percentil de Números Respondidos
Sua Pontuação Histórica
Você não jogou esse quiz